Πράσινος τουρισμός : διαχείριση και προοπτικές : διπλωματική εργασία

Αποθηκεύτηκε σε:
Λεπτομέρειες βιβλιογραφικής εγγραφής
Κύριος συγγραφέας: Γεωργακόπουλος, Άγγελος-Θεοφάνης
Συγγραφή απο Οργανισμό/Αρχή: Πανεπιστήμιο Αιγαίου Σχολή Επιστημών της Διοίκησης Τμήμα Διοίκησης Επιχειρήσεων - Τ.Δ.Ε
Άλλοι συγγραφείς: Κυριακάκη, Άννα Ε., 1975-
Μορφή: Thesis Βιβλίο
Γλώσσα:Greek
Δημοσίευση: 2013.
Θέματα:
Διαθέσιμο Online:http://hdl.handle.net/11610/6837
Ετικέτες: Προσθήκη ετικέτας
Δεν υπάρχουν, Καταχωρήστε ετικέτα πρώτοι!

MARC

LEADER 00000cam a2200000 a 4500
001 1/110170
008 160304s2013####gr | ||| |||| ||gre||
040 |a GR-MyUa  |b gre  |c GR-MyUa  |e AACR2 
041 0 |a gre 
082 7 |a 338.4791   |2 (23)  
100 1 |a Γεωργακόπουλος, Άγγελος-Θεοφάνης. 
245 1 0 |a Πράσινος τουρισμός :   |b διαχείριση και προοπτικές : διπλωματική εργασία /   |c Γεωργακόπουλος Άγγελος - Θεοφάνης ; επιβλέπουσα καθηγήτρια Κυριακάκη Άννα.  
260 |c 2013.  
300 |a 95 σ. :   |b πίν., σχέδια ;   |c 30 εκ.  
502 |a Πτυχιακή εργασία - Πανεπιστήμιο Αιγαίου, Χίος, 2013.  
506 ? |a ...  |d ... 
540 |a ... 
650 0 |a Tourism  |x Environmental aspects. 
650 0 |a Ecotourism  |x Marketing. 
650 0 |a Hospitality industry  |x Environmental aspects. 
700 1 |a Κυριακάκη, Άννα Ε.,  |d 1975- 
710 1 |a Πανεπιστήμιο Αιγαίου  |b Σχολή Επιστημών της Διοίκησης  |b Τμήμα Διοίκησης Επιχειρήσεων - Τ.Δ.Ε. 
852 |a INST  |b CHIOS  |c DIATR  |e 20160304  |h 338.4791 ΓΕΩ  |p 005200035948  |q 005200035948  |t DIE  |y 23 
852 |a INST  |b CHIOS  |c DIATR  |e 20160304  |h 338.4791 ΓΕΩ  |p 005200035949  |q 005200035949  |t DIE  |y 23 
856 |u http://hdl.handle.net/11610/6837 
924 |a Γεωργακόπουλος  |b Άγγελος - Θεοφάνης  |y Χίος  |z 2014-05 
970 |a Παροικάκη  |b Βασιλική  |z 04-03-2016